| 000 | 01099cam a22002054a 4500 | ||
|---|---|---|---|
| 005 | 20250605164052.0 | ||
| 008 | 250528s ||||||||||||||||||||||||d | ||
| 035 | _a17316 | ||
| 020 | _a582228220 | ||
| 040 |
_aGR-AtMCL _bgre _dGR-AtMCL _eAACR2 |
||
| 245 | 1 | _aTourism Today / A Geographical Analysis | |
| 250 | _a2nd | ||
| 260 |
_bLongman, _c1996 |
||
| 300 | _a204 | ||
| 520 | _aThis book systematically analyses the geographical dimensions of tourism, emphasizing general patterns drawn from empirical studies, geographical analysis and theoretical considerations. Acknowledgements, Introduction, Tourism Models, The Demand for Tourist Travel, Patterns of International Tourism, Intro-National Travel Patterns, Domestic Tourist Flows, Measuring Spatial Variations in Tourism, The National and Regional Structure of Tourism, The Spatial Structure of Tourism on Islands, Coastal Resorts and Urban Areas, Implications and Applications and Conclusions, References, Author and Subject and Place Index. | ||
| 700 | 1 |
_aPearce Douglas _93452 |
|
| 942 | _cBK | ||
| 999 |
_c2744 _d2744 |
||